Jak se na Internetu uživit /

Hlavní autor: Rývová, Anna, 1970-
Další autoři: Vrabec, Vladimír, 1932-
Jazyk: Čeština
Vydáno: Praha : Federace rodičů a přátel sluchově postižených, 2003
Témata:
Fyzický popis: 181 s. : barev. il. ; 30 cm
Knihy
Uloženo v:
LEADER 01357nam a2200373 a 4500
001 000734432
003 CZ BrMZK
005 20040927074232.0
007 ta
008 040913s2003 xr a erp 001 0 cze d
015 |a cnb001415916 
020 |a 80-86792-10-2  |q (brož.) 
035 |a (OCoLC)85118912 
040 |a BOA001  |b cze 
072 7 |a 004.7  |x Počítačové sítě  |2 Konspekt  |9 23 
072 7 |a 37.016  |x Učební osnovy. Vyučovací předměty. Učebnice  |2 Konspekt  |9 22 
080 |a 004.738.5  |2 MRF 
080 |a 658.114  |2 MRF 
080 |a 316.344.6-056.263  |2 MRF 
080 |a (075)  |2 MRF 
100 1 |a Rývová, Anna,  |d 1970-  |7 mzk2004250858  |4 aut 
245 1 0 |a Jak se na Internetu uživit /  |c Anna Rývová, Vladimír Vrabec 
246 1 5 |a Jak se pomocí Internetu uživit 
260 |a Praha :  |b Federace rodičů a přátel sluchově postižených,  |c 2003 
300 |a 181 s. :  |b barev. il. ;  |c 30 cm 
504 |a Obsahuje bibliografii a rejstřík 
650 0 7 |a internet  |7 ph117022  |2 czenas 
650 0 7 |a podnikání  |7 ph115766  |2 czenas 
650 0 7 |a sluchově postižení  |7 ph116187  |2 czenas 
655 7 |a učebnice  |7 fd133770  |2 czenas 
700 1 |a Vrabec, Vladimír,  |d 1932-  |7 jn20010309346  |4 aut 
910 |a BOA001  |b 3-1139.771 
990 |a BK 
996 6 |b 2610228332  |c 3-1139.771  |l MZK  |r Sklad / do 1 hodiny  |n 0  |p p.v.  |w 000734432  |u 000010  |a 1  |e BOA001  |j MZK50  |s P